10 największych gmin miejsko-wiejskich (lubelskie) - Statystyki

Ogólne statystyki
  • Ten quiz został rozwiązany 80 razy
  • Średni wynik to 4 z 10
Statystyki odpowiedzi
Liczba ludności Gmina % Poprawnych
11 723 Bychawa
49%
13 340 Bełżyce
44%
23 444 Łęczna
43%
14 549 Parczew
41%
14 362 Poniatowa
41%
20 455 Ryki
41%
17 298 Opole Lubelskie
40%
16 012 Janów Lubelski
29%
10 544 Piaski
21%
11 337 Szczebrzeszyn
21%
Nie znaleziono quizów pasujących do podanych kryteriów
Rozkład punktacji
Procent ludzi z każdym wynikiem
Percentyl według liczby udzielonych odpowiedzi
Twoja historia wyników
Nie rozwiązałeś tego quizu